Personnage Haikyuu - Statistics

General Stats
  • This quiz has been taken 77 times
    20 since last reset
  • The average score is 41 of 71
Answer Stats
Personnage % Correct
1 Shōyō Hinata
100%
2 Tobio Kageyama
100%
3 Daichi Sawamura
94%
6 Kei Tsukishima
94%
9 Kōshi Sugawara
94%
49 Kōtarō Bokuto
94%
37 Lev Haiba
94%
7 Ryūnosuke Tanaka
94%
69 Saeko Tanaka
94%
17 Tooru Oikawa
94%
5 Yū Nishinoya
94%
4 Asahi Azumane
88%
56 Atsumu Miya
88%
8 Chikara Ennoshita
88%
57 Osamu Miya
88%
41 Wakatoshi Ushijima
88%
18 Hajime Iwaizumi
82%
16 Ikkei Ukai
82%
50 Keiji Akaashi
82%
15 Keishin Ukai
82%
34 Kenma Kozume
82%
10 Tadashi Yamaguchi
82%
33 Tetsurou Kuroo
82%
21 Akira Kunimi
76%
12 Kiyoko Shimizu
71%
36 Morisuke Yaku
71%
42 Satori Tendō
71%
59 Shinsuke Kita
71%
27 Takanobu Aone
71%
13 Yachi Hitoka
71%
14 Ittetsu Takeda
65%
11 Kazuhito Narita
65%
22 Kentarō Kyōtani
65%
54 Kiyoomi Sakusa
65%
58 Rintarō Suna
65%
35 Taketora Yamamoto
65%
20 Yūtarō Kindaichi
65%
19 Issei Matsukawa
59%
44 Kenjiro Shirabu
59%
46 Reon Ōhira
59%
38 Sou Inuoka
59%
43 Tsutomu Goshiki
59%
24 Shinji Watari
53%
60 Alan Ojiro
47%
45 Eita Semi
47%
29 Kanji Koganegawa
47%
28 Kenji Futakuchi
47%
63 Kōrai Hoshiumi
47%
25 Shigeru Yahaba
47%
23 Takahiro Hanamaki
47%
48 Yūji Terushima
47%
55 Motoya Komori
41%
61 Ren Ōmimi
41%
40 Yasufumi Nekomata
41%
31 Kaname Moniwa
35%
30 Kamasaki Yasushi
29%
39 Shouhei Fukunaga
29%
66 Akiteru Tsukishima
24%
51 Daiki Ogano
24%
70 Yui Michimiya
24%
67 Makoto Shimada
18%
71 Petit Géant
18%
47 Tanji Washijō
18%
52 Eikichi Chigaya
12%
53 Masaki Gōra
12%
26 Nobuteru Irihata
6%
65 Takeru Nakashima
6%
32 Takurō Oiwake
6%
64 Yūdai Hyakuzawa
6%
62 Norimune Kurosu
0%
68 Yūsuke Takinoue
0%
No matching quizzes found
Score Distribution
Percent of People with Each Score
Percentile by Number Answered
Your Score History
You have not taken this quiz since the last reset